| Tag |
First Indicator |
Second Indicator |
Subfields |
| LEADER |
00000cam a2200000 a 4500 |
| 001 |
in00000020629 |
| 005 |
20151007054002.0 |
| 008 |
870618s1987 nyua b 10110 eng |
| 010 |
|
|
|a 87015409
|
| 020 |
|
|
|a 0941743055 :
|c $73.00
|
| 035 |
|
|
|a (OCoLC)16091776
|
| 035 |
|
|
|9 AAB3555AM
|
| 040 |
|
|
|a DLC
|c DLC
|d TXA
|d UtOrBLW
|
| 041 |
1 |
|
|a eng
|a rus
|
| 049 |
|
|
|a TXAM
|c [A11035528]
|
| 050 |
0 |
0 |
|a QC1
|b .A4114 vol. 170
|a QC791.7
|
| 082 |
0 |
|
|a 530 s
|a 539.7/64
|2 19
|
| 245 |
0 |
4 |
|a The theory of target compression by longwave laser emission /
|c edited by G.V. Sklizkov ; translated by Kevin S. Hendzel.
|
| 264 |
|
1 |
|a Commack, N.Y. :
|b Nova Science Publishers,
|c [1987]
|
| 264 |
|
4 |
|c ©1987
|
| 300 |
|
|
|a 167 pages :
|b illustrations ;
|c 25 cm.
|
| 336 |
|
|
|a text
|b txt
|2 rdacontent
|
| 337 |
|
|
|a unmediated
|b n
|2 rdamedia
|
| 338 |
|
|
|a volume
|b nc
|2 rdacarrier
|
| 490 |
1 |
|
|a Proceedings of the Lebedev Physics Institute of the Academy of Sciences of the USSR,
|x 0568-5508 ;
|v v. 170
|
| 500 |
|
|
|a Translation of: Teorii︠a︡ szhatii︠a︡ misheneĭ izlucheniem dlinnovolnovykh lazerov.
|
| 504 |
|
|
|a Includes bibliographies and index.
|
| 650 |
|
0 |
|a Lasers in controlled fusion
|x Congresses.
|
| 650 |
|
0 |
|a Laser beams
|v Congresses.
|
| 650 |
|
0 |
|a Laser plasmas
|v Congresses.
|
| 700 |
1 |
|
|a Sklizkov, G. V.
|
| 700 |
1 |
|
|a Hendzel, Kevin S.
|
| 740 |
0 |
|
|a Target compression by longwave laser emission.
|
| 830 |
|
0 |
|a Trudy Fizicheskogo instituta.
|l English ;
|v v. 170.
|
| 999 |
|
|
|a MARS
|
| 999 |
f |
f |
|s 9bcacd70-3edb-3a25-a8f1-a11be4520619
|i 9465ab35-fae3-3db8-9571-cb5b4eb9640f
|t 0
|
| 952 |
f |
f |
|p ric
|a Texas A&M University
|b Rellis Campus
|c Joint Library Facility
|d Remote Storage
|t 0
|e QC1 .A4114 v.170
|h Library of Congress classification
|i unmediated -- volume
|m A14811035528
|
| 998 |
f |
f |
|a QC1 .A4114 v.170
|t 0
|l Remote Storage
|